El péndulo de Foucault

Guardat en:
Dades bibliogràfiques
Autor principal: Eco, Umberto (Autor)
Format: Llibre
Idioma:espanyol
Publicat: Buenos Aires Debolsillo 2003
Edició:2a. ed
Col·lecció:Narrativa, 238
Biblioteca Umberto Eco, 2
Matèries:
Etiquetes: Afegir etiqueta
Sense etiquetes, Sigues el primer a etiquetar aquest registre!

MARC

LEADER 00000cam a2200000 a 4500
001 UCE6808
003 CL-VaPUC
008 150507e20031200ag |||||||||||||||||spa|d
020 |a 9872060940 
082 0 4 |a 853  |b ECO  |2 21 
100 0 |a Eco, Umberto  |e author  |9 579411 
245 1 3 |a El péndulo de Foucault 
250 |a 2a. ed 
300 |a 817 p 
942 |c BK 
945 |d 20150507 00:22:00  |a arojas 
260 |a Buenos Aires  |b Debolsillo  |c 2003 
650 0 |a Novela italiana  |9 265740 
650 0 |a Literatura italiana  |9 266970 
583 |a last modification  |c 20150507 00:22:00  |k Rodrigo Vera 
490 0 |a Narrativa, 238 
490 0 |a Biblioteca Umberto Eco, 2 
999 |c 358988  |d 358986 
952 |0 0  |1 0  |3 erb  |4 0  |6 853_000000000000000_ECO_2003  |7 0  |8 R  |9 467971  |a BIBEDU  |b BIBEDU  |c MCIRC  |i 5148324  |o 853 ECO 2003  |p 5148324  |r 2023-01-13  |w 2019-11-23  |y BK_R  |z Catalogado en:20150507  |k LIT